Health, safe water and sanitation <a> cross-sectional health production function for Central Jawa, Indonesia
Gespeichert in:
| 1. Verfasser: | |
|---|---|
| Weitere Verfasser: | |
| Format: | Buch |
| Sprache: | Englisch |
| Veröffentlicht: |
Brisbane
The University of Queensland
1992
|
| Schriftenreihe: | Discussion Paper
No. 87 |
| Schlagworte: | |
| Tags: |
Keine Tags, Fügen Sie das erste Tag hinzu!
|
MARC
| LEADER | 00000nam a2200000 4500 | ||
|---|---|---|---|
| 001 | c100353 | ||
| 005 | 20221123102206.6 | ||
| 022 | |a 1033-4661 | ||
| 041 | 0 | |a eng | |
| 044 | |a AU | ||
| 245 | 1 | 0 | |a Health, safe water and sanitation |b <a> cross-sectional health production function for Central Jawa, Indonesia |c D. Wibowo, C.A. Tisdell |
| 264 | 1 | |a Brisbane |b The University of Queensland |c 1992 | |
| 300 | |a 23 s. | ||
| 490 | 1 | |a Discussion Paper |v No. 87 | |
| 830 | 0 | |a Discussion Paper |v No. 87 | |
| 610 | 2 | 0 | |a zdravie |
| 610 | 2 | 0 | |a zdravotníctvo |
| 610 | 2 | 0 | |a zdravotníctvo verejné |
| 610 | 2 | 0 | |a voda |
| 610 | 2 | 0 | |a voda pitná |
| 610 | 2 | 0 | |a zariadenia zdravotnícke |
| 610 | 2 | 0 | |a Indonézia |
| 100 | 1 | |a Wibowo, D. | |
| 700 | 1 | |a Tisdell, C.A. | |